Digital telephony (Record no. 3592)

000 -LEADER
fixed length control field 00571nam a2200217 a 4500
001 - CONTROL NUMBER
control field 3592
003 - CONTROL NUMBER IDENTIFIER
control field BD-DhUET
008 - FIXED-LENGTH DATA ELEMENTS--GENERAL INFORMATION
fixed length control field 900501s1991 nyua b 001 0 eng
020 ## - INTERNATIONAL STANDARD BOOK NUMBER
International Standard Book Number 0471620564
040 ## - CATALOGING SOURCE
Original cataloging agency DLC
Transcribing agency DLC
Modifying agency BD-DhUET
082 ## - DEWEY DECIMAL CLASSIFICATION NUMBER
Classification number 623.85
Item number BEL/1991
100 ## - MAIN ENTRY--PERSONAL NAME
Personal name Bellamy, John
245 10 - TITLE STATEMENT
Title Digital telephony
250 ## - EDITION STATEMENT
Edition statement 2nd ed.
260 ## - PUBLICATION, DISTRIBUTION, ETC. (IMPRINT)
Place of publication, distribution, etc. New York
Name of publisher, distributor, etc. John wiley & sons
Date of publication, distribution, etc. 1991
300 ## - PHYSICAL DESCRIPTION
Extent xix, 572 p.
Other physical details ill.
Dimensions 25 cm.
490 ## - SERIES STATEMENT
Series statement Wiley Series in telecommunications
504 ## - BIBLIOGRAPHY, ETC. NOTE
Bibliography, etc Includes bibliographies
650 #0 - SUBJECT ADDED ENTRY--TOPICAL TERM
Topical term or geographic name as entry element Digital telephony
942 ## - ADDED ENTRY ELEMENTS (KOHA)
Koha item type General Book
Holdings
Koha date last seen Not for loan Source of classification or shelving scheme Sublocation or collection (holding branch) Copy number Shelving location Withdrawn status Koha issues (times borrowed) Price effective from Koha date last borrowed Lost status Piece designation (barcode) Koha item type Koha full call number Date acquired Koha normalized classification for sorting Location (home branch) Damaged status
2016-02-06  Central Library, BUET1Circulation section 22014-11-022015-10-10 83618General Book623.85/BEL/19912014-11-02623_000000000000000_85BEL1991Central Library, BUET 
2017-08-26  Central Library, BUET2Circulation section  2014-11-02  83620General Book623.85/BEL/19912014-11-02623_000000000000000_85BEL1991Central Library, BUET 
2017-08-16  Central Library, BUET3Circulation section  2014-11-02  83623General Book623.85/BEL/19912014-11-02623_000000000000000_85BEL1991Central Library, BUET 
2024-02-20  Central Library, BUET4Circulation section 22014-11-022023-03-07 86339General Book623.85/BEL/19912014-11-02623_850000000000000_BEL_1991Central Library, BUET 
2015-07-01  Central Library, BUET5Reading section  2015-07-01  87594Reading Item623.85/BEL/19912015-07-01623_850000000000000_BEL_1991Central Library, BUET 
2024-12-09  Central Library, BUETক-১Rental section  2024-12-09  83563Rental Item623.85 BEL/19911992-06-06623_850000000000000_BEL_1991Central Library, BUET 
2024-12-09  Central Library, BUETক-২Rental section  2024-12-09  83564Rental Item623.85 BEL/19911992-06-06623_850000000000000_BEL_1991Central Library, BUET 
2024-12-09  Central Library, BUETক-৩Rental section  2024-12-09  83565Rental Item623.85 BEL/19911992-06-06623_850000000000000_BEL_1991Central Library, BUET 
2024-12-09  Central Library, BUETক-৪Rental section  2024-12-09  83566Rental Item623.85 BEL/19911992-06-06623_850000000000000_BEL_1991Central Library, BUET 
2024-12-09  Central Library, BUETক-৫Rental section  2024-12-09  83567Rental Item623.85 BEL/19911992-06-06623_850000000000000_BEL_1991Central Library, BUET 
2024-12-09  Central Library, BUETক-৬Rental section  2024-12-09  83568Rental Item623.85 BEL/19911992-06-06623_850000000000000_BEL_1991Central Library, BUET 
2024-12-09  Central Library, BUETক-৭Rental section  2024-12-09  83569Rental Item623.85 BEL/19911992-06-06623_850000000000000_BEL_1991Central Library, BUET 
2024-12-09  Central Library, BUETক-৮Rental section  2024-12-09  83570Rental Item623.85 BEL/19911992-06-06623_850000000000000_BEL_1991Central Library, BUET 
2024-12-09  Central Library, BUETক-৯Rental section  2024-12-09  83571Rental Item623.85 BEL/19911992-06-06623_850000000000000_BEL_1991Central Library, BUET 
2024-12-09  Central Library, BUETক-১০Rental section  2024-12-09  83572Rental Item623.85 BEL/19911992-06-06623_850000000000000_BEL_1991Central Library, BUET 
2024-12-09  Central Library, BUETক-১১Rental section  2024-12-09  83573Rental Item623.85 BEL/19911992-06-06623_850000000000000_BEL_1991Central Library, BUET 
2024-12-09  Central Library, BUETক-১২Rental section  2024-12-09  83574Rental Item623.85 BEL/19911992-06-06623_850000000000000_BEL_1991Central Library, BUET 
2024-12-09  Central Library, BUETক-১৩Rental section  2024-12-09  83575Rental Item623.85 BEL/19911992-06-06623_850000000000000_BEL_1991Central Library, BUET 
2024-12-09  Central Library, BUETক-১৪Rental section  2024-12-09  83576Rental Item623.85 BEL/19911992-06-06623_850000000000000_BEL_1991Central Library, BUET 
2024-12-09  Central Library, BUETক-১৫Rental section  2024-12-09  83577Rental Item623.85 BEL/19911992-06-06623_850000000000000_BEL_1991Central Library, BUET